[Event "Bundesliga B West 2004/05"]
[Site "masterchessopen.com Austria"]
[Date "2005.03.06"]
[Round "11"]
[White "Bromberger Stefan (GER)"]
[Black "Weindl Alfred (GER)"]
[Result "1-0"]
[WhiteElo "2478"]
[BlackElo "2352"]

1.Nf3 Nf6 2.c4 g6 3.d4 Bg7 4.Nc3 O-O 5.g3 d6 6.Bg2 Nbd7 7.O-O e5 8.e4 c6 9.h3
Re8 10.Be3 exd4 11.Nxd4 Nc5 12.Qc2 Qe7 13.Rfe1 Bd7 14.f3 Nh5 15.Kh2 f5 16.exf5
Qxe3 17.Rxe3 Rxe3 18.Rd1 Be5 19.Nce2 gxf5 20.b4 Na6 21.Qd2 f4 22.g4 Ng7 23.Nc2
Be6 24.Kh1 Bxc4 25.Nxe3 fxe3 26.Qxe3 Ne6 27.f4 Bxe2 28.Rxd6 {#r} 1-0

[Event "Ch Sweden (team) 2004/05"]
[Site "masterchessopen.com Sweden"]
[Date "2005.03.11"]
[Round "9"]
[White "Madebrink Lars (SWE)"]
[Black "Eriksson Johan (SWE)"]
[Result "0-1"]
[WhiteElo "2263"]
[BlackElo "2408"]

1.c4 g6 2.Nc3 Bg7 3.g3 d6 4.Bg2 Nf6 5.d4 O-O 6.Nf3 Nbd7 7.O-O e5 8.h3 c6 9.e4
Qb6 10.d5 Nc5 11.Qe2 cxd5 12.cxd5 Qa6 13.Qxa6 bxa6 14.Ne1 a5 15.f3 Nh5 16.Kh2
f5 17.g4 fxg4 18.fxg4 Nf4 19.Be3 Ba6 20.Rf2 Rfc8 21.Bf1 Bxf1 22.Rxf1 Rab8
23.Rb1 a4 24.a3 Rb3 25.Bg1 Nxe4 26.Nf3 Nxc3 27.bxc3 Rcxc3 28.Rxb3 axb3 29.Bxa7
b2 30.Nd2 Rc2 31.Be3 Nxd5 {#R} 0-1

[Event "Ch Wales"]
[Site "masterchessopen.com Cardiff (Wales)"]
[Date "2005.03.25"]
[Round "1"]
[White "Cobb James (WLS)"]
[Black "Bennett P (WLS)"]
[Result "1-0"]
[WhiteElo "2343"]
[BlackElo "2119"]

1.d4 g6 2.Nf3 Bg7 3.c4 d6 4.Nc3 Nf6 5.g3 O-O 6.Bg2 Nbd7 7.O-O e5 8.h3 c6 9.e4
a6 10.a4 Re8 11.Re1 Rb8 12.a5 b5 13.axb6 Rxb6 14.c5 exd4 15.cxb6 dxc3 16.Qc2
Qxb6 17.bxc3 Nc5 18.Rb1 Qc7 19.Nd4 Ncxe4 20.Bxe4 c5 21.Nf3 Rxe4 22.Rxe4 Bf5
23.Ng5 Nxe4 24.Nxe4 d5 25.Bf4 Be5 26.Nf6+ Kh8 27.Ne8 Bxc2 28.Nxc7 Bxf4 29.Rb8+
Kg7 30.gxf4 {#r} 1-0

[Event "It (open)"]
[Site "masterchessopen.com Nogent le Rotrou (France)"]
[Date "2005.03.25"]
[Round "1"]
[White "Starostits Ilmars (LAT)"]
[Black "Hervo Frederic (FRA)"]
[Result "1-0"]
[WhiteElo "2480"]
[BlackElo "1958"]

1.Nf3 Nf6 2.g3 g6 3.Bg2 Bg7 4.O-O d6 5.c4 O-O 6.Nc3 e5 7.d4 Nbd7 8.e4 c6 9.h3
Re8 10.Bg5 Qa5 11.Qd2 exd4 12.Nxd4 Nc5 13.Rfe1 Bd7 14.Rad1 Rad8 15.b4 Qxb4
16.Bxf6 Bxf6 17.Nd5 Qxd2 18.Nxf6+ Kh8 19.Rxd2 Re7 20.Nb3 Nxb3 21.axb3 Be8
22.e5 Kg7 23.f4 {#r} 1-0

[Event "It (open)"]
[Site "masterchessopen.com Coventry (England)"]
[Date "2005.03.28"]
[Round "8"]
[White "Lysons John"]
[Black "Parmar Amisha (ENG)"]
[Result "1-0"]
[WhiteElo "1695"]
[BlackElo "1960"]

1.Nf3 g6 2.c4 Bg7 3.d4 Nf6 4.Nc3 O-O 5.g3 d6 6.Bg2 Nbd7 7.O-O e5 8.e4 c6 9.h3
Qb6 10.b3 Ne8 11.Be3 Qc7 12.Rc1 f5 13.exf5 gxf5 14.Qd2 Ndf6 15.Ng5 h6 16.Nf3
Kh7 17.Rfe1 Nh5 18.dxe5 dxe5 19.Qd1 e4 20.Ng5+ Kg6 21.Ngxe4 f4 22.Bc5 Bxc3
23.Rxc3 Rg8 24.g4 Nhf6 25.Nxf6 Nxf6 26.Re7 Qa5 27.Qd3+ Kg5 28.Re5+ Kh4 29.Qg3+
{#r} 1-0

[Event "Ch Croatia (team) (3rd league)"]
[Site "masterchessopen.com Croatia"]
[Date "2005.04.17"]
[Round "2"]
[White "Brajdic Danko (CRO)"]
[Black "Pavlinic Darko (CRO)"]
[Result "1-0"]
[WhiteElo "2148"]
[BlackElo "2047"]

1.d4 Nf6 2.Nf3 g6 3.g3 Bg7 4.Bg2 O-O 5.O-O d6 6.c4 Nbd7 7.Nc3 e5 8.e4 c6 9.h3
exd4 10.Nxd4 Nb6 11.b3 d5 12.exd5 cxd5 13.Ba3 Re8 14.c5 Ne4 15.Nxe4 dxe4
16.Nb5 Nd5 17.Nd6 Nc3 18.Qc2 e3 19.Bb2 Qxd6 20.cxd6 Bf5 21.Qxc3 Bxc3 22.Bxc3
Rac8 23.Rac1 Rcd8 24.fxe3 Rxd6 25.Bd4 b6 26.Rc7 a5 27.Rfc1 Be6 28.R1c6 Rxc6
29.Rxc6 {#r} 1-0

[Event "Ch Hungary (team) (w)"]
[Site "masterchessopen.com Budapest (Hungary)"]
[Date "2005.04.20"]
[Round "2"]
[White "Goczo Melinda (HUN)"]
[Black "Varga Annamaria (HUN)"]
[Result "1-0"]
[WhiteElo "2225"]
[BlackElo "2072"]

1.d4 Nf6 2.Nf3 g6 3.c4 d6 4.g3 Bg7 5.Bg2 O-O 6.O-O Nbd7 7.Nc3 c6 8.e4 e5 9.h3
Re8 10.Rb1 a6 11.d5 c5 12.a4 Nf8 13.Ne1 Nh5 14.Be3 Bd7 15.Nd3 b5 16.cxb5 axb5
17.axb5 Qb6 18.b4 Ra3 19.bxc5 Qa5 20.Rb3 dxc5 21.Bxc5 Rxb3 22.Qxb3 Rc8 23.Rb1
Kh8 24.b6 Rxc5 25.Nxc5 Qxc5 26.b7 Nxg3 27.b8=Q {#r} 1-0

[Event "It (open)"]
[Site "masterchessopen.com Bajada de la Virgen (Spain)"]
[Date "2005.06.14"]
[Round "3"]
[White "Garcia Rodriguez Dario (ESP)"]
[Black "Gonzalez Rivero Oliver (ESP)"]
[Result "1-0"]
[WhiteElo "2026"]
[BlackElo "1789"]

1.d4 Nf6 2.Nf3 g6 3.g3 Bg7 4.Bg2 O-O 5.O-O d6 6.c4 c6 7.Nc3 Nbd7 8.e4 e5 9.h3
Rb8 10.Be3 a6 11.Qd2 b5 12.Rfd1 Qc7 13.cxb5 cxb5 14.Rac1 Qb7 15.dxe5 dxe5
16.Nd5 Nxd5 17.exd5 Nb6 18.b3 Qd7 19.d6 Rd8 20.Rc7 Qe6 21.Ng5 Qe8 22.Bxb6 {#r}
1-0

[Event "It (open) \"]
[Site "masterchessopen.com St.Petersburg (Russia)"]
[Date "2005.06.18"]
[Round "1"]
[White "Ljubivyi Andrey (RUS)"]
[Black "Martynenko Andrei (RUS)"]
[Result "0-1"]
[WhiteElo "2062"]
[BlackElo "2377"]

1.d4 Nf6 2.Nf3 g6 3.c4 Bg7 4.g3 O-O 5.Bg2 d6 6.Nc3 Nbd7 7.O-O e5 8.e4 c6 9.h3
Nh5 10.Be3 Qe8 11.d5 c5 12.Ne1 a6 13.Nd3 f5 14.Qd2 Nb6 15.Rab1 Nxc4 16.Qc1
Nxe3 17.Qxe3 f4 18.gxf4 Nxf4 19.Nxf4 exf4 20.Qf3 Be5 {#R} 0-1

[Event "It (open)"]
[Site "masterchessopen.com Balatonlelle (Hungary)"]
[Date "2005.06.24"]
[Round "7"]
[White "Ignacz Maria (HUN)"]
[Black "Liptay Laszlo (HUN)"]
[Result "0-1"]
[WhiteElo "2286"]
[BlackElo "2334"]

1.d4 Nf6 2.c4 g6 3.Nf3 Bg7 4.g3 O-O 5.Bg2 d6 6.Nc3 Nbd7 7.O-O e5 8.e4 c6 9.h3
Qb6 10.b3 exd4 11.Na4 Qa5 12.Nxd4 Re8 13.Re1 d5 14.Bd2 Qd8 15.exd5 cxd5
16.cxd5 Nxd5 17.Bxd5 Bxd4 18.Rc1 Ne5 19.Be3 Qxd5 20.Bxd4 Bxh3 {#R} 0-1

[Event "It \"]
[Site "masterchessopen.com Madrid (Spain)"]
[Date "2005.06.28"]
[Round "4"]
[White "Alonso Abad Enrique (ESP)"]
[Black "Alvarez Abejon Amilcar (ESP)"]
[Result "0-1"]
[WhiteElo "2011"]
[BlackElo "2099"]

1.Nf3 Nf6 2.d4 g6 3.c4 Bg7 4.g3 O-O 5.Bg2 d6 6.O-O Nbd7 7.Nc3 c6 8.h3 e5 9.e4
exd4 10.Nxd4 Re8 11.Qc2 Ne5 12.b3 a6 13.Be3 Qa5 14.Rac1 c5 15.Nde2 Be6 16.Rfd1
Rad8 17.f4 Nc6 18.a3 h6 19.Rd3 Qxa3 20.Qa2 Qxa2 21.Nxa2 Bc8 22.Rcd1 Nxe4
23.Nac3 Nxc3 24.Nxc3 Nb4 25.Rxd6 Rxd6 26.Rxd6 Rxe3 27.Rd8+ Kh7 28.Nd1 Rd3 {#R}
0-1

[Event "It (open) (a)"]
[Site "masterchessopen.com Pardubice (Czech Republic)"]
[Date "2005.07.26"]
[Round "5"]
[White "Jirka Jiri (CZE)"]
[Black "Balenovic Zvonimir (CRO)"]
[Result "1-0"]
[WhiteElo "2387"]
[BlackElo "2263"]

1.d4 Nf6 2.c4 g6 3.g3 Bg7 4.Bg2 O-O 5.Nc3 d6 6.Nf3 Nbd7 7.O-O e5 8.e4 c6 9.h3
Qb6 10.c5 dxc5 11.dxe5 Ne8 12.e6 fxe6 13.Ng5 Ne5 14.f4 c4+ 15.Kh2 Nd3 16.e5
Nc7 17.b3 Qd4 18.Bd2 cxb3 19.axb3 Rd8 20.Nce4 Nb5 21.Qg4 Re8 22.Rad1 h6 23.Be1
hxg5 24.Qxg5 Rf8 25.Qxg6 Nxf4 26.Rxf4 Qxe5 27.Rxf8+ Kxf8 28.Rd8+ {#r} 1-0

[Event "Memorial L.Rudenko (w)"]
[Site "masterchessopen.com St. Petersburg (Russia)"]
[Date "2005.08.20"]
[Round "1"]
[White "Danielian Elina (ARM)"]
[Black "Akatova Ekaterina (RUS)"]
[Result "1-0"]
[WhiteElo "2433"]
[BlackElo "2151"]

1.d4 Nf6 2.Nf3 g6 3.c4 Bg7 4.g3 O-O 5.Bg2 d6 6.O-O Nbd7 7.Nc3 e5 8.h3 c6 9.e4
Re8 10.Re1 a5 11.Rb1 exd4 12.Nxd4 Nc5 13.Bf4 Ne6 14.Be3 Nxd4 15.Bxd4 Be6
16.Qd3 a4 17.Rbd1 Qa5 18.a3 Rad8 19.Bf1 Qh5 20.Ne2 g5 21.g4 Qh4 22.Ng3 h5
23.Qc3 Bxg4 24.Bxf6 Bxf6 25.Qxf6 Bxd1 26.Nf5 {#r} 1-0

[Event "Ch Russia (students)"]
[Site "masterchessopen.com Nizhnij Tagil (Russia)"]
[Date "2005.10.08"]
[Round "5"]
[White "Petrov Dmitry (RUS)"]
[Black "Ibragimov Vladislav (RUS)"]
[Result "1-0"]
[WhiteElo "2245"]
[BlackElo "2358"]

1.d4 Nf6 2.Nf3 g6 3.g3 Bg7 4.Bg2 O-O 5.O-O d6 6.c4 Nbd7 7.Nc3 e5 8.e4 c6 9.h3
Qb6 10.dxe5 dxe5 11.Qc2 Re8 12.Be3 Qc7 13.Rad1 Bf8 14.Na4 Nh5 15.c5 Ng7 16.b4
b5 17.Nc3 a5 18.a3 Ne6 19.Nd2 Nd4 20.Qb2 Bg7 21.Nb3 Nxb3 22.Qxb3 Nf8 23.Rfe1
Be6 24.Nd5 Qc8 25.Kh2 axb4 26.Qxb4 cxd5 27.exd5 Bf5 28.g4 Bc2 29.Rd2 Ba4 30.d6
Ra6 31.Rc1 {#r} 1-0

[Event "Ch Russia (students)"]
[Site "masterchessopen.com Nizhnij Tagil (Russia)"]
[Date "2005.10.10"]
[Round "7"]
[White "Petrov Dmitry (RUS)"]
[Black "Gorbunov Sergey (RUS)"]
[Result "0-1"]
[WhiteElo "2245"]
[BlackElo "2304"]

1.d4 Nf6 2.Nf3 g6 3.g3 Bg7 4.Bg2 O-O 5.O-O d6 6.c4 Nbd7 7.Nc3 c6 8.e4 e5 9.h3
Re8 10.Be3 a5 11.Qc2 Qc7 12.Rad1 exd4 13.Nxd4 Nc5 14.Rfe1 Nfd7 15.b3 h5 16.a3
Ne5 17.f4 Ned7 18.Bf2 Nf8 19.Ndb5 cxb5 20.Nxb5 Qe7 21.Nxd6 Nce6 22.Nxe8 Qxe8
23.e5 h4 24.Qd3 hxg3 25.Qxg3 Bh6 26.Be3 Ng7 27.Bc1 Nfe6 28.Rf1 Nf5 29.Qd3 Nc5
30.Qc3 Bd7 {#R} 0-1

[Event "Ch Croatia (team) (2nd league)"]
[Site "masterchessopen.com Croatia"]
[Date "2005.11.20"]
[Round "11"]
[White "Bubic Tode (CRO)"]
[Black "Varga Josip (CRO)"]
[Result "0-1"]
[WhiteElo "1969"]
[BlackElo "2093"]

1.d4 Nf6 2.c4 g6 3.Nc3 Bg7 4.Nf3 d6 5.g3 O-O 6.Bg2 Nbd7 7.O-O c6 8.h3 e5 9.e4
exd4 10.Nxd4 Nc5 11.Re1 Re8 12.Bf4 Ne6 13.Be3 Nc5 14.Qc2 a5 15.Rad1 Qc7 16.f4
Nfd7 17.Bf2 a4 18.Qd2 Qa5 19.Nc2 Qb6 20.Qc1 Qc7 21.Bd4 Bf8 22.Ne3 Ne6 23.Ng4
Nxd4 24.Rxd4 Qb6 25.Qd2 Bg7 26.Rd1 Qxd4+ 27.Qxd4 Bxd4+ 28.Rxd4 h5 29.Nh2 Nf6
{#R} 0-1

[Event "Czech League 2005/06 (2nd) (e)"]
[Site "masterchessopen.com Czech Republic"]
[Date "2005.11.20"]
[Round "3"]
[White "Hudecek Jan (CZE)"]
[Black "Ponizil Cyril (CZE)"]
[Result "1-0"]
[WhiteElo "2336"]
[BlackElo "2179"]

1.d4 Nf6 2.c4 g6 3.g3 Bg7 4.Bg2 O-O 5.Nc3 d6 6.Nf3 Nbd7 7.O-O e5 8.h3 c6 9.e4
Qa5 10.Re1 Re8 11.d5 cxd5 12.cxd5 b5 13.a4 b4 14.Nb5 Bf8 15.Nd2 Qb6 16.Qc2 Nc5
17.Nc4 Qb8 18.Be3 a6 19.Nbxd6 b3 20.Qc3 Ncxe4 21.Nxe4 Nxe4 22.Bxe4 Bb4 23.Qxb3
Bxe1 24.Qxb8 Bxf2+ 25.Bxf2 Rxb8 26.h4 f5 27.Bd3 a5 28.Nxa5 Rxb2 29.Bb5 Rf8
30.Nc4 Re2 {#r} 1-0

[Event "It (open) (b)"]
[Site "masterchessopen.com Krakow (Poland)"]
[Date "2006.01.02"]
[Round "7"]
[White "Belzo Krzysztof (POL)"]
[Black "Flis Radoslaw (POL)"]
[Result "1-0"]
[WhiteElo "1993"]
[BlackElo "1956"]

1.g3 g6 2.Bg2 Bg7 3.c4 Nf6 4.Nc3 O-O 5.d4 d6 6.Nf3 Nbd7 7.O-O e5 8.h3 c6 9.e4
Qb6 10.c5 dxc5 11.dxe5 Ne8 12.e6 fxe6 13.Ng5 Ne5 14.f4 Nf7 15.Nxf7 Bd4+ 16.Kh2
Rxf7 17.e5 Nc7 18.Ne4 Nd5 19.h4 Qd8 20.h5 b6 21.hxg6 hxg6 22.Ng5 Re7 23.Be4
Kg7 24.Kg2 Bxb2 25.Rh1 Bxa1 26.Rh7+ Kg8 27.Qh1 Bxe5 28.fxe5 Rg7 29.Rh8# 1-0

[Event "It (open)"]
[Site "masterchessopen.com Villa Ballester (Argentina)"]
[Date "2006.01.13"]
[Round "7"]
[White "Goldwaser Christian (ARG)"]
[Black "Roh Claudio (ARG)"]
[Result "1-0"]
[WhiteElo "2372"]
[BlackElo "2255"]

1.d4 Nf6 2.Nf3 g6 3.g3 Bg7 4.Bg2 d6 5.c4 Nbd7 6.O-O c6 7.Nc3 O-O 8.e4 e5 9.h3
exd4 10.Nxd4 Re8 11.Re1 a5 12.Qc2 Nc5 13.Be3 h5 14.Rad1 Nfd7 15.b3 Qc7 16.f4
Nf8 17.a3 Qb6 18.Rb1 Qd8 19.b4 axb4 20.axb4 Nce6 21.Nf3 Ra3 22.Rb3 Ra8 23.Rd1
Qe7 24.Qd2 Nh7 25.Qxd6 Qf6 26.e5 Qf5 27.Qd2 f6 28.Nh4 {#r} 1-0

[Event "Czech League 2005/06 (2nd) (e)"]
[Site "masterchessopen.com Czech Republic"]
[Date "2006.02.12"]
[Round "7"]
[White "Lev Pavel (CZE)"]
[Black "Ponizil Cyril (CZE)"]
[Result "1-0"]
[WhiteElo "2197"]
[BlackElo "2226"]

1.d4 Nf6 2.Nf3 g6 3.g3 Bg7 4.Bg2 O-O 5.O-O d6 6.c4 Nbd7 7.Nc3 c6 8.h3 e5 9.e4
Qa5 10.d5 cxd5 11.cxd5 b5 12.Nd2 b4 13.Nb3 Qd8 14.Ne2 Nb6 15.Na5 Bd7 16.Bg5
Na4 17.Nc6 Bxc6 18.dxc6 Nc5 19.a3 bxa3 20.b4 Ne6 21.Be3 Qb8 22.Qa4 Ne8 23.Rxa3
Nd4 24.Nxd4 exd4 25.Bf4 Qb6 26.Qa5 Rb8 27.Rc1 d3 28.Qxb6 axb6 29.Rxd3 {#r} 1-0

[Event "It (cat.9)"]
[Site "masterchessopen.com Frascati (Italy)"]
[Date "2006.03.30"]
[Round "6"]
[White "Romanishin Oleg M (UKR)"]
[Black "Mogranzini Roberto (ITA)"]
[Result "1-0"]
[WhiteElo "2542"]
[BlackElo "2401"]

1.d4 Nf6 2.Nf3 g6 3.g3 Bg7 4.Bg2 O-O 5.c4 d6 6.O-O Nbd7 7.Nc3 c6 8.e4 e5 9.h3
Re8 10.Re1 a6 11.dxe5 dxe5 12.Be3 Qe7 13.Qc2 a5 14.a3 Nc5 15.b4 axb4 16.Bxc5
{#r} 1-0

[Event "Cup Croatia (team)"]
[Site "masterchessopen.com Sibenik (Croatia)"]
[Date "2006.05.10"]
[Round "1"]
[White "Hulak Krunoslav (CRO)"]
[Black "Maras Mile (CRO)"]
[Result "1-0"]
[WhiteElo "2536"]
[BlackElo "2250"]

1.d4 Nf6 2.c4 g6 3.g3 Bg7 4.Bg2 d6 5.Nf3 Nbd7 6.O-O O-O 7.Nc3 c6 8.e4 e5 9.h3
Qc7 10.Be3 Re8 11.Qc2 h6 12.Rad1 b5 13.cxb5 cxb5 14.a3 a6 15.Rfe1 Nb6 16.Qc1
Na4 17.Bxh6 Bxh6 18.Qxh6 Nxb2 19.Rc1 Qe7 20.dxe5 dxe5 21.Nd5 Nxd5 22.exd5 Nc4
23.Ng5 Qf6 24.Ne4 Qd8 25.g4 Nd6 26.Rc6 Nxe4 27.Bxe4 {#r} 1-0

[Event "Cup Croatia (team)"]
[Site "masterchessopen.com Sibenik (Croatia)"]
[Date "2006.05.10"]
[Round "1"]
[White "Petrov Jole (CRO)"]
[Black "Nakic Zeljko (CRO)"]
[Result "1-0"]
[WhiteElo "2422"]
[BlackElo "2178"]

1.Nf3 Nf6 2.c4 g6 3.g3 Bg7 4.Bg2 O-O 5.O-O d6 6.d4 c6 7.Nc3 Nbd7 8.e4 e5 9.h3
Re8 10.Be3 a6 11.Qc2 Qa5 12.a3 Nf8 13.d5 Qc7 14.Ne1 Nh5 15.Qd1 c5 16.Kh2 Rb8
17.a4 b6 18.Nd3 Bd7 19.Bd2 b5 20.axb5 axb5 21.cxb5 Bxb5 22.Nxb5 Rxb5 23.b4
cxb4 24.Nxb4 Nd7 25.Qe2 Qb7 26.Nc6 Nc5 27.Ra7 Qb6 28.Ba5 Rb2 29.Qf3 {#r} 1-0

[Event "It (open) (seniors)"]
[Site "masterchessopen.com Triesen (Liechtenstein)"]
[Date "2006.05.20"]
[Round "2"]
[White "Baumann Kurt_ (SUI)"]
[Black "Peters Paul (LUX)"]
[Result "1-0"]
[WhiteElo "2025"]
[BlackElo "1939"]

1.Nf3 Nf6 2.c4 g6 3.g3 Bg7 4.Bg2 d6 5.d4 c6 6.Nc3 Nbd7 7.e4 e5 8.O-O O-O 9.h3
Re8 10.Be3 Qc7 11.Qd2 a6 12.Rac1 b6 13.Rfd1 Bb7 14.b4 c5 15.Nd5 Qc8 16.dxc5
dxc5 17.Ne1 Qc6 18.b5 axb5 19.cxb5 Nxd5 20.bxc6 {#r} 1-0

[Event "Memorial I.Kurass (open)"]
[Site "masterchessopen.com Kiev (Ukraine)"]
[Date "2006.06.20"]
[Round "4"]
[White "Pavlov Sergey (UKR)"]
[Black "Goncharov Oleg (UKR)"]
[Result "1-0"]
[WhiteElo "2426"]
[BlackElo "1834"]

1.Nf3 Nf6 2.c4 g6 3.Nc3 Bg7 4.d4 O-O 5.g3 d6 6.Bg2 Nbd7 7.O-O e5 8.e4 c6 9.h3
Qb6 10.c5 dxc5 11.dxe5 Ne8 12.e6 fxe6 13.Ng5 Ne5 14.f4 c4+ 15.Kh2 Nd3 16.e5
Nc7 17.b3 Nxc1 18.bxc4 Nxa2 19.Rxa2 Na6 20.Nce4 Nb4 21.Rd2 c5 22.Nf6+ Bxf6
23.exf6 Nc6 24.Rd7 Rxf6 25.Nxh7 Rf5 26.Qg4 Bxd7 27.Qxg6+ Kh8 28.Ng5 Rxg5
29.fxg5 Ne5 30.Qh6+ Kg8 31.g6 {#r} 1-0

[Event "It (open) \"]
[Site "masterchessopen.com St.Petersburg (Russia)"]
[Date "2006.06.26"]
[Round "4"]
[White "Rasskaza Oleg (RUS)"]
[Black "Zakharov Yuri (RUS)"]
[Result "0-1"]
[WhiteElo "1966"]
[BlackElo "2017"]

1.Nf3 Nf6 2.c4 g6 3.g3 Bg7 4.Bg2 d6 5.Nc3 Nbd7 6.O-O O-O 7.d4 e5 8.h3 c6 9.e4
Re8 10.Be3 a5 11.Rc1 a4 12.Re1 Qa5 13.Rc2 exd4 14.Bxd4 Ne5 15.Nd2 h5 16.b3 Nd3
17.Re2 Nc5 18.Nf3 axb3 19.axb3 Qb4 20.e5 dxe5 21.Nxe5 Bf5 22.Bxc5 Qxc5 23.Nd3
Qd6 24.Rxe8+ Rxe8 25.Rd2 Rd8 26.Bf1 Bh6 27.f4 Qd4+ {#R} 0-1

[Event "Ch Sport Union "]
[Site "masterchessopen.com Kiev (Ukraine)"]
[Date "2006.07.02"]
[Round "2"]
[White "Pavlov Sergey (UKR)"]
[Black "Burdalev Kirill (UKR)"]
[Result "1-0"]
[WhiteElo "2426"]
[BlackElo "2182"]

1.Nf3 Nf6 2.c4 g6 3.g3 Bg7 4.Bg2 O-O 5.Nc3 d6 6.d4 Nbd7 7.O-O e5 8.e4 c6 9.h3
Qb6 10.c5 dxc5 11.dxe5 Ne8 12.e6 fxe6 13.Ng5 Ne5 14.f4 c4+ 15.Kh2 h6 16.fxe5
Rxf1 17.Qxf1 hxg5 18.Bxg5 Qxb2 19.Rd1 Qxc3 20.Rd8 Qxe5 21.Rxe8+ Kh7 22.h4 Qc7
23.Re7 Bd7 24.Qf7 Rg8 25.Rxd7 Qc8 26.Bf6 {#r} 1-0

[Event "Memorial E.Geller (active)"]
[Site "masterchessopen.com Odessa (Ukraine)"]
[Date "2006.07.04"]
[Round "8"]
[White "Tukmakov Vladimir B (UKR)"]
[Black "Golubev Mikhail (UKR)"]
[Result "1-0"]
[WhiteElo "2549"]
[BlackElo "2467"]

{ Tukmakov Vladimir B (UKR) +3 =0 -1 Golubev Mikhail (UKR) +1 =1 -0 } 1.d4 Nf6
2.c4 g6 3.Nc3 Bg7 4.Nf3 O-O 5.g3 d6 6.Bg2 Nbd7 7.O-O e5 8.e4 c6 9.h3 Qb6
10.Rb1 ( 10.c5 dxc5 11.dxe5 Ne8 12.e6 fxe6 13.Ng5 Ne5 14.f4 Nf7 15.Nxf7 Bd4+
16.Kh2 Rxf7 17.e5 Bd7 18.a4 a5 19.Ne4 Ng7 20.Ra3 Qc7 21.g4 Raf8 22.Kh1 Bc8
23.h4 b6 24.Ng5 Rd7 25.Qc2 h6 26.Qxg6 hxg5 27.Be4 Rff7 28.hxg5 Bxe5 29.Rh3 Kf8
{ ...1-0, Tukmakov Vladimir B 2600 - Dietzel Jan 2298 , Biel 1995 It (open) }
) 10...exd4 ( 10...Qb4 11.dxe5 Nxe5 12.Nxe5 dxe5 13.Qa4 Qxa4 { 1/2-1/2, Vaulin
Alexander 2490 - Sakaev Konstantin 2570 , Kazan 1995 Ch Russia (club) } )
11.Nxd4 { = } 11...Qb4 12.Nc2 ( 12.Re1 Ne5 13.Bf1 Nxc4 14.a3 Nxa3 15.Ra1 Nb5
16.Ncxb5 cxb5 17.Nxb5 Be6 18.Ra4 Qc5 19.Be3 Qc6 20.Nxa7 Qd7 21.Kh2 d5 22.e5
Nh5 23.Bc5 Rfd8 24.g4 Qc7 25.Bd6 Qb6 26.Qc2 Rxd6 27.exd6 Qxd6+ 28.Kg1 Nf6
29.Nb5 Qd8 30.Rxa8 Qxa8 31.Nc7 Qc8 { ...1-0, Schoene Ralf 2205 - Heinig
Wolfram Dr 2320 , DDR 1983 Ch DDR } ) 12...Qxc4 13.Qxd6 { -0.29 CAP } 13...Re8
( 13...Ne8 14.Qd2 Nc5 15.Re1 Qd3 16.Bf1 Qxd2 17.Bxd2 Be6 18.e5 Bf5 19.Rbc1 Nd3
20.Bxd3 Bxd3 21.f4 Nc7 22.Ne4 Rfd8 23.Nd6 Bf8 24.Bb4 Bxd6 25.Bxd6 Nb5 {
1/2-1/2, Sokolowski Roman 1987 - Dworakowska Joanna 2390 , Koszalin 1998 It
(open) } ) ( 13...Nxe4 14.Bxe4 Bxc3 15.Bd3 Qc5 16.Bf4 Be5 17.Bxe5 Qxe5 18.Qa3
Qh5 19.h4 Ne5 20.Be4 Bf5 21.Rbe1 Rfe8 22.f3 Nc4 23.Qc3 Bxe4 24.fxe4 Ne5 25.Re3
Rad8 26.Nd4 Rd7 27.Ne2 Ng4 28.Nf4 Qe5 29.Re2 Qd4+ 30.Qxd4 Rxd4 31.Rfe1 f6
32.Kg2 Kf7 33.Kf3 { ...0-1, Linqvist Grels 2056 - Seeman Tarvo 2422 , Salo
1992 It (open) } ) 14.Bf4 { N } ( 14.Re1 Ne5 15.Be3 Bxh3 16.Bxh3 Nf3+ 17.Kh1
Nxe4 18.Qf4 Nxe1 19.Rxe1 Bxc3 20.bxc3 Qxc3 21.Rc1 Qf6 22.Qxf6 Nxf6 23.Rb1 b6
24.Bd4 Ne4 25.Bd7 Nxf2+ 26.Bxf2 Re2 27.Bxc6 Rc8 28.Bd5 Rxf2 29.Nb4 Rc3 30.Bb3
Rxg3 31.Nc6 Kg7 32.Nxa7 f5 33.Nc8 f4 { ...0-1, Schoene Ralf 2339 - Syre
Christian 2259 , Rostock 1986 It } ) ( 14.Qd1 Nc5 15.Re1 Ncxe4 16.Nxe4 Nxe4
17.Bxe4 Bxh3 18.b3 Qxe4 19.Rxe4 Rxe4 20.Bb2 Rae8 21.Bxg7 Kxg7 22.Ne3 Be6
23.Qd3 f5 24.f3 { 1-0, Molnar Laszlo 2075 - Lawless David 2114 , Budapest
9.1998 It (sheveningen) } ) 14...Nh5 15.Be3 Ne5 { ?! } ( 15...Be5 { !? }
16.Qa3 Nhf6 17.Rfd1 c5 18.Qa4 Nb6 19.Qxc4 { } ) 16.Rfd1 { ?! } ( 16.g4 { !? }
16...Bf8 17.Qd2 Ng7 18.f4 Nd7 19.Rfd1 Qa6 20.e5 Ne6 21.Bf1 { } ) 16...Bxh3 { ?
} ( 16...f5 17.Na3 Qf7 18.f4 Nc4 19.Nxc4 Qxc4 20.e5 Nxg3 21.Qd3 Qxd3 22.Rxd3
Ne4 { } ) 17.Bxh3 Nf3+ 18.Kh1 Bxc3 19.bxc3 Qxe4 20.Qd3 Qe5 21.Kg2 Rad8 22.Qxd8
Rxd8 23.Rxd8+ Kg7 24.Bg4 Nh4+ 25.gxh4 Qe4+ 26.Bf3 Qxc2 27.Rxb7 { } {#r} 1-0

[Event "Tournament (juniors)"]
[Site "masterchessopen.com Lublin (Poland)"]
[Date "2006.07.16"]
[Round "11"]
[White "Swiercz Dariusz (POL)"]
[Black "Kanarek Marcel (POL)"]
[Result "1-0"]
[WhiteElo "2311"]
[BlackElo "2244"]

1.d4 Nf6 2.Nf3 g6 3.g3 Bg7 4.Bg2 O-O 5.O-O d6 6.c4 Nbd7 7.Nc3 e5 8.e4 c6 9.h3
a5 10.Re1 exd4 11.Nxd4 Nc5 12.Be3 Re8 13.Qc2 Qc7 14.b3 Ne6 15.Rad1 Nd7 16.Kh2
Ndc5 17.f4 Nxd4 18.Bxd4 Bxd4 19.Rxd4 f5 20.Red1 fxe4 21.Nxe4 Bf5 22.Nf6+ Kf7
23.Nxe8 Rxe8 24.Qd2 h5 25.Rxd6 Qe7 26.Qd4 Qe3 27.Qf6+ Kg8 28.Rd8 Nd3 29.Rd7
Bxd7 30.Qxg6+ {#r} 1-0

[Event "It (open)"]
[Site "masterchessopen.com Kiel (Germany)"]
[Date "2006.07.23"]
[Round "3"]
[White "Seibicke Ralf (GER)"]
[Black "Anders Soenke (GER)"]
[Result "1-0"]
[WhiteElo "2147"]
[BlackElo "1997"]

1.Nf3 g6 2.g3 Bg7 3.d4 Nf6 4.Bg2 O-O 5.O-O c6 6.c4 d6 7.Nc3 Nbd7 8.e4 e5 9.h3
Qb6 10.c5 dxc5 11.dxe5 Ne8 12.Be3 Qa5 13.Nd2 Bxe5 14.Nc4 Qc7 15.Nxe5 Qxe5
16.f4 Qe7 17.Qf3 Ng7 18.Rad1 Re8 19.Rfe1 Nf8 20.Qf2 b6 21.f5 gxf5 22.exf5 Bxf5
23.Bxc6 Bxh3 24.Nd5 Qe6 25.Bxa8 Rxa8 26.Bf4 Bg4 {#r} 1-0

[Event "It (open)"]
[Site "masterchessopen.com Poland"]
[Date "2006.07.30"]
[Round "9"]
[White "Purzycki Jan (POL)"]
[Black "Jackowski Ryszard (POL)"]
[Result "1-0"]
[WhiteElo "1990"]
[BlackElo "1907"]

1.d4 d6 2.c4 g6 3.g3 Bg7 4.Bg2 Nf6 5.Nc3 c6 6.Nf3 O-O 7.h3 Nbd7 8.O-O e5 9.e4
exd4 10.Nxd4 Nc5 11.b4 Ne6 12.Be3 Nxd4 13.Bxd4 Be6 14.Qe2 b5 15.Rfd1 Qe7
16.cxb5 cxb5 17.e5 dxe5 18.Qxe5 Rad8 19.Nd5 Rxd5 20.Bxd5 Nh5 21.Qe3 Bxd4
22.Rxd4 Re8 23.Bxe6 Qxe6 24.Re4 {#r} 1-0